02820nam a2200265 a 4500003000500000005001700005007001500022008004100037035001100078040000900089100003300098245016500131264004100296300005900337336002700396337002900423338003800452502003300490520184700523650002702370650002602397650002702423700005102450856005302501CHAP20250220091728.0cr ||||||a|c|a101025s2010 mx r 00010 spa d a111210 cCHAP1 aVázquez Aguilar, Beltario.10aConformación estructural de Leucaena leucopcephala a diferente manejo en viveroc/por Beltario Vázquez Aguilar; director Pedro Arturo Martínez Hernández aChapingo, Méx. :bEl autor,c2010. a1 recurso en línea (87 páginas):bCuadros, figuras 2rdacontentatextobtxt 2rdamediaacomputadorabc 2rdacarrierarecursos en lineabcr bMCIGcZootecníad2010gMAE aLa investigación consistió de dos experimentos independientes realizados en invernadero con el objetivo general de determinar la conformación estructural aérea (CEA), aportes de componentes morfológicos (ACM) y dinámica del rebrote (DR) de Leucaena leucocephala cv. Cunningham. En el primero (EXP1) se evaluaron 13 tratamientos originados de combinar la aplicación o no de poda (PD) y biorreguladores (BIO) a diferente edad de la planta. En el segundo (EXP2) fueron 9 tratamientos en factorial 3 x 3: tres dosis de nitrógeno (0, 25 y 50 kg ha-1) y tres de fósforo (0, 25 y 50 kg ha-1). El diseño fue completamente al azar con 18 y 10 repeticiones en EXP1 y EXP2 respectivamente; la unidad experimental fue una planta. La poda modificó la CEA y ACM aumentando (p<0.05) 20 veces la ramificación, reduciendo 33 cm la altura (ALT), 0.8 mm el diámetro del tallo principal (DTP), dos veces la cantidad de tallo (CT) y número de nódulos (NN) en relación con plantas sin poda. En DR, la rama apical tuvo mayor diámetro y longitud con PD a edad tardía. No hubo efecto sinérgico entre PD y BIO en CEA y ACM. La dosis de 50 kg ha-1 de N ocasionó (p<0.05) la muerte de todas las plantas, eliminándose del análisis de los datos, quedando una factorial 2 x 3. Fertilizar con N modificó (p<0.05) la CEA reduciendo ALT y DPT así como ACM con menor valor en los atributos de raíz (volumen, peso y longitud) y NN; sin embargo, agregar P sólo afectó (p<0.05) CT, volumen de raíz y razón tallo:hoja. La poda por sí sola mejora la conformación estructural aérea, sin cambiar los atributos del aporte de los componentes morfológicos de Leucaena lecucocephala, pero fertilizar con nitrógeno y fósforo reduce el crecimiento de las plantas, con efecto tóxico del N al aplicarlo en cantidad alta.04aCultivosxInvernadero.04aEstructura atómica.04aLeucaena leucocephala.1 aMartínez Hernández, Pedro ArturoeDirector uhttp://10.13.5.2/tesis/111210.pdfzDESCARGAR PDF